Visualizzazione normale
Vista MARC
- Brizzi A.
di Personal Name
Records bibliografici associati: 1
001 - CONTROL NUMBER
- control field: 28544
003 - CONTROL NUMBER IDENTIFIER
- control field: IT-RoPau
005 - DATE AND TIME OF LATEST TRANSACTION
- control field: 20140607213607.0
008 - FIXED-LENGTH DATA ELEMENTS
- fixed length control field: 140607|| aca||aabn | a|a d
040 ## - CATALOGING SOURCE
- Original cataloging agency: IT-RoPau
- Transcribing agency: IT-RoPau
100 ## - HEADING--PERSONAL NAME
- Personal name: Brizzi A.
- Dates associated with a name: Codice autore musica SPICS: 36826
- Relator term: Autore musica
- Name of part/section of a work: Frankie Hi Nrg Mc "Fight Da Faida"
670 ## - SOURCE DATA FOUND
- Source citation: Work cat.: (IT-RoPau)99253: AA.VV. 794, Italian Posse